[Event "28. Offene Internationale Bayerische Schachmeisterschaft"]
[Site "Gmund am Tegernsee"]
[Date "2025.11.06"]
[Round "6"]
[Board "15"]
[White "Chanda, Sandipan"]
[Black "Stoettner, Lukas"]
[Result "1-0"]
[WhiteElo "2483"]
[BlackElo "2227"]
[PlyCount "0"]
[EventDate "2025.11.01"]
[EventRounds "9"]
[EventCountry "GER"]

1. d4 Nf6 2. Bf4 d5 3. e3 e6 4. Nf3 c5 5. Nbd2 Nc6 6. c3 Be7 7. Bd3 Nh5 8. Bg3 Bd7
9. dxc5 Nxg3 10. hxg3 Bxc5 11. Qe2 g6 12. b4 Be7 13. b5 Na5 14. e4 dxe4 15. Qxe4
Bf6 16. Rc1 O-O 17. Qf4 Bg7 18. Ne5 Qe7 19. Ndf3 b6 20. Rd1 Rad8 21. g4 Nb7 22. Qh2
h6 23. g5 Nc5 24. gxh6 Nxd3+ 25. Rxd3 Bf6 26. a4 Be8 27. Rxd8 Qxd8 28. Qf4 Kh7 29.
Ke2 Bxe5 30. Nxe5 f6 31. Nc6 Qd5 32. Rd1 Qf5 33. Qxf5 gxf5 34. Rd8 Bh5+ 35. f3 Rf7
36. Ra8 Kxh6 37. Rxa7 Rf8 38. a5  1-0

[Event "28. Offene Internationale Bayerische Schachmeisterschaft"]
[Site "Gmund am Tegernsee"]
[Date "2025.11.06"]
[Round "6"]
[Board "16"]
[White "Chasin, Nico"]
[Black "Leeb, Simon"]
[Result "1-0"]
[WhiteElo "2512"]
[BlackElo "2241"]
[PlyCount "0"]
[EventDate "2025.11.01"]
[EventRounds "9"]
[EventCountry "GER"]

1. Nf3 Nf6 2. g3 d5 3. Bg2 c6 4. O-O Nbd7 5. d4 e6 6. Nbd2 Be7 7. Re1 O-O 8. e4 Nxe4
9. Nxe4 dxe4 10. Rxe4 b5 11. Qd3 Bb7 12. Re1 a6 13. c3 c5 14. Ng5 Bxg5 15. Bxb7 Ra7
16. Be4 g6 17. f4 Be7 18. Be3 cxd4 19. Bxd4 Bc5 20. a4 bxa4 21. Rxa4 Qb6 22. Rea1
Rd8 23. Kh1 Rc8 24. Rb4 Qd8 25. Rc4 Bb6 26. Bxb6 Nxb6 27. Qxd8+ Rxd8 28. Rc6 Nd7
29. b4 Nf6 30. Bf3 Rd2 31. b5 Nd5 32. c4 Ne7 33. Rcxa6 Rxa6 34. bxa6  1-0

[Event "28. Offene Internationale Bayerische Schachmeisterschaft"]
[Site "Gmund am Tegernsee"]
[Date "2025.11.06"]
[Round "6"]
[Board "17"]
[White "Celik, Hasan Huseyin"]
[Black "Doll, Alexander"]
[Result "1-0"]
[WhiteElo "2494"]
[BlackElo "2234"]
[PlyCount "0"]
[EventDate "2025.11.01"]
[EventRounds "9"]
[EventCountry "GER"]

1. e4 e5 2. Nf3 Nc6 3. Bb5 a6 4. Ba4 Nf6 5. Nc3 b5 6. Bb3 Bc5 7. Nd5 d6 8. c3 Ba7
9. d3 h6 10. a4 Be6 11. O-O O-O 12. Re1 Re8 13. Nxf6+ Qxf6 14. h3 b4 15. a5 bxc3
16. bxc3 Reb8 17. Bc2 Ne7 18. d4 Ng6 19. Bd3 exd4 20. cxd4 Bxd4 21. Nxd4 Qxd4 22.
Be3 Qb4 23. f4 Bb3 24. Qf3 Qc3 25. Qe2 c5 26. Rac1 Qxa5 27. Rf1 c4 28. Bb1 c3 29.
Bd3 Qa2 30. Qh5 c2 31. Rf3 Qb2 32. Rg3 a5 33. f5 a4 34. fxg6 a3 35. Rf1 fxg6 36.
Qxg6 a2 37. e5  1-0

[Event "28. Offene Internationale Bayerische Schachmeisterschaft"]
[Site "Gmund am Tegernsee"]
[Date "2025.11.06"]
[Round "6"]
[Board "18"]
[White "Litzka, Richard"]
[Black "Ioannidis, Evgenios"]
[Result "0-1"]
[WhiteElo "2237"]
[BlackElo "2479"]
[PlyCount "0"]
[EventDate "2025.11.01"]
[EventRounds "9"]
[EventCountry "GER"]

1. Nf3 d5 2. e3 Nf6 3. c4 e6 4. Nc3 a6 5. b3 Be7 6. Bb2 O-O 7. g3 c5 8. cxd5 exd5
9. d4 Bg4 10. Bg2 cxd4 11. Qxd4 Nc6 12. Qd1 Qa5 13. O-O Rfd8 14. h3 Bh5 15. Ne2 Bg6
16. Nfd4 Rac8 17. Nf4 Be4 18. Nh5 Nb4 19. Nf4 g5 20. a3 Nc2 21. Rc1 Nxd4 22. Rxc8
Rxc8 23. Bxd4 Bc2 24. Qe2 Bxb3 25. Nh5 Bc4 26. Nxf6+ Bxf6 27. Qg4 Rc6 28. Rb1 h6
29. h4 Bxd4 30. exd4 Rg6 31. hxg5 Rxg5 32. Qf3 b5 33. Qf6 Rg6 34. Qf5 Kg7 35. Bxd5
Bxd5 36. Qxd5 Qxa3 37. Qe5+ Rf6 38. d5 Qd3 39. Re1 Kg6 40. Qe8 Kh7 41. Qe5 Rf5 42.
Qa1 Qf3 43. Qb1 Qxf2+ 44. Kh1 Qf3+ 45. Kh2 Kg7 46. Re4 Rxd5 47. Qb2+ Qf6 48. Qe2
Qc3 49. Kh3 Qd3 50. Qb2+ Kh7 51. Rf4 Rh5+ 52. Rh4 Qf1+ 53. Kh2 Rxh4+ 54. gxh4 Qf4+
55. Kh3 Qf5+ 56. Kg3 h5  0-1

[Event "28. Offene Internationale Bayerische Schachmeisterschaft"]
[Site "Gmund am Tegernsee"]
[Date "2025.11.06"]
[Round "6"]
[Board "19"]
[White "Ramien, David"]
[Black "Stocek, Jiri"]
[Result "0-1"]
[WhiteElo "2231"]
[BlackElo "2471"]
[PlyCount "0"]
[EventDate "2025.11.01"]
[EventRounds "9"]
[EventCountry "GER"]

1. Nf3 Nf6 2. c4 d6 3. g3 e5 4. d3 Be7 5. Bg2 O-O 6. O-O Nbd7 7. Nc3 c6 8. Nd2 a5
9. b3 Re8 10. Bb2 Nb6 11. Qc2 Bg4 12. h3 Bh5 13. e3 d5 14. cxd5 cxd5 15. Rac1 Rc8
16. Qb1 h6 17. Nf3 Bf8 18. a4 Nbd7 19. Nb5 Rc6 20. d4 e4 21. Ne5 Nxe5 22. dxe5 Nd7
23. g4 Bg6 24. Qa1 Nc5 25. Nd4 Rc8 26. Ba3 h5 27. Bxc5 Bxc5 28. Rc2 hxg4 29. hxg4
Qd7 30. Rfc1 b6 31. Qc3 Qxg4 32. Nb5 Bf5  0-1

[Event "28. Offene Internationale Bayerische Schachmeisterschaft"]
[Site "Gmund am Tegernsee"]
[Date "2025.11.06"]
[Round "6"]
[Board "20"]
[White "Raupp, Thomas"]
[Black "Kuru, Atilla"]
[Result "0-1"]
[WhiteElo "2229"]
[BlackElo "2435"]
[PlyCount "0"]
[EventDate "2025.11.01"]
[EventRounds "9"]
[EventCountry "GER"]

1. d4 Nf6 2. c4 e6 3. Nc3 Bb4 4. e3 b6 5. Bd2 Bb7 6. Nf3 O-O 7. a3 Bxc3 8. Bxc3 d6
9. Be2 Nbd7 10. O-O Ne4 11. Qc2 f5 12. Rad1 Qe8 13. Nd2 Qg6 14. f3 Nxc3 15. Qxc3
a5 16. b4 axb4 17. axb4 Nf6 18. Ra1 Qg5 19. Nb3 h5 20. Rxa8 Bxa8 21. Qd2 h4 22. Bd3
h3 23. g3 Qh5 24. Qe2 Bb7 25. Kf2 e5 26. Bc2 Re8 27. d5 b5 28. Na5 Ba8 29. e4 bxc4
30. Qxc4 fxe4 31. Bxe4 Qf7 32. Rd1 Rf8 33. Ke2 g5 34. Rd3 g4 35. Nb3 c6  0-1

[Event "28. Offene Internationale Bayerische Schachmeisterschaft"]
[Site "Gmund am Tegernsee"]
[Date "2025.11.06"]
[Round "6"]
[Board "21"]
[White "Goldbeck, Lars"]
[Black "Eisele, Steffen"]
[Result "1/2-1/2"]
[WhiteElo "2415"]
[BlackElo "2211"]
[PlyCount "0"]
[EventDate "2025.11.01"]
[EventRounds "9"]
[EventCountry "GER"]

1. Nf3 g6 2. e4 Bg7 3. d4 c6 4. Bd3 d5 5. e5 Nh6 6. O-O Bf5 7. Be2 O-O 8. Bf4 f6
9. exf6 exf6 10. c4 Be6 11. Qb3 Qb6 12. Qc3 Nf7 13. Nbd2 Nd7 14. Rac1 Rfe8 15. cxd5
Bxd5 16. Bc4 Bxc4 17. Qxc4 Qd8 18. Nb3 Nb6 19. Qc2 Nd5 20. Bd2 Nd6 21. Nc5 Qe7 22.
a4 Qf7 23. h3 Rad8 24. Rfe1  1/2-1/2

[Event "28. Offene Internationale Bayerische Schachmeisterschaft"]
[Site "Gmund am Tegernsee"]
[Date "2025.11.06"]
[Round "6"]
[Board "22"]
[White "Lentrodt, Thomas"]
[Black "Hess, Max"]
[Result "1/2-1/2"]
[WhiteElo "2224"]
[BlackElo "2403"]
[PlyCount "0"]
[EventDate "2025.11.01"]
[EventRounds "9"]
[EventCountry "GER"]

1. d4 Nf6 2. c4 g6 3. g3 Bg7 4. Bg2 O-O 5. Nc3 d6 6. Nf3 Nbd7 7. O-O e5 8. e4 c6
9. b3 Re8 10. d5 cxd5 11. cxd5 Nc5 12. Ne1 a5 13. f3 b5 14. Be3 Ba6 15. Rf2 b4 16.
Nb1 Qd7 17. Nd2 Rec8 18. Bf1 Bxf1 19. Rxf1 Ne8 20. Rc1 Qb5 21. Nc4 Qa6 22. Bxc5 Rxc5
23. Nd3 Rcc8 24. Qd2 Nc7 25. Ndb2 Nb5 26. Na4 Rab8 27. Kg2 Rf8 28. Ncb2 Nd4 29. Qd3
Qa7 30. Nc4 Rbd8 31. f4 exf4 32. gxf4 f5 33. Rce1 Qf7 34. Nab6 fxe4 35. Rxe4 Qf6
36. Nxa5 Rde8 37. Nc6 Nf5 38. Nc4 Qh4 39. Re6 Qg4+ 40. Kh1 Ra8 41. Nxb4 Rfb8 42.
a3 Rxb4 43. axb4 Ra2 44. Nd2 Bd4 45. Re2 Qh5 46. Rg2 Ne3 47. Qxd4 Nxf1 48. Nxf1 Qf3
49. Nd2 Qd1+ 50. Rg1 Qxd2 51. Qxd2 Rxd2 52. Rc1 Rxd5 53. Kg2 Rd3 54. Rc7 Rxb3 55.
Rb7 d5 56. Kf2 h5 57. h4 d4 58. b5 Kf8 59. Ke2 Kg8 60. Kd2 d3 61. Ke3 Kf8 62. Kd2
Kg8  1/2-1/2

[Event "28. Offene Internationale Bayerische Schachmeisterschaft"]
[Site "Gmund am Tegernsee"]
[Date "2025.11.06"]
[Round "6"]
[Board "23"]
[White "Khrapko, Marharyta"]
[Black "Kuegel, Tobias"]
[Result "0-1"]
[WhiteElo "2218"]
[BlackElo "2391"]
[PlyCount "0"]
[EventDate "2025.11.01"]
[EventRounds "9"]
[EventCountry "GER"]

1. e4 c5 2. Nf3 g6 3. c3 d5 4. e5 Bg4 5. d4 Nc6 6. Bb5 cxd4 7. cxd4 Rc8 8. Nbd2 Qb6
9. Bxc6+ Rxc6 10. O-O Bf5 11. Qe2 Bc2 12. Re1 e6 13. Nf1 Be4 14. N1d2 Bc2 15. Nf1
Be4 16. N1d2 Bb4 17. Nxe4 dxe4 18. Nd2 Qxd4 19. a3 Bxd2 20. Bxd2 Qd3 21. Qd1 Ne7
22. Bg5 Qxd1 23. Raxd1 Nd5 24. Rxe4 O-O 25. h4 h5 26. g4 Rc2 27. gxh5 gxh5 28. Rb1
Rfc8 29. Kg2 R8c6 30. Kf3 Kh7 31. Rg1 Rc8 32. Bf6 Rg8 33. Rb1 b5 34. Bg5 Rgc8 35.
Bf6 a6 36. Rg1 Rg8 37. Rb1 a5 38. Bg5 Rgc8 39. Bf6 a4 40. Rg1 Rg8 41. Rb1 Kh6 42.
Bg5+ Kg6 43. Re2 Rxe2 44. Kxe2 Kf5 45. Kd3 Kxe5 46. b3 f6 47. Bd2 Rg4 48. bxa4 bxa4
49. Rh1 Rd4+ 50. Kc2 Ke4 51. Rh3 e5 52. Bc1 Rc4+ 53. Kd2 Kf5 54. Rd3 Ke6 55. Rh3
Nf4 56. Rh1 Ng6 57. Kd3 Rxh4 58. Rxh4 Nxh4 59. f4 Kd5 60. fxe5 fxe5 61. Ke3 Nf5+
62. Kf3 Nd4+ 63. Kg2 e4 64. Kh3 Nf5  0-1

[Event "28. Offene Internationale Bayerische Schachmeisterschaft"]
[Site "Gmund am Tegernsee"]
[Date "2025.11.06"]
[Round "6"]
[Board "24"]
[White "Yelisieiev, Yevhenii"]
[Black "Ovsepyan, Arshak"]
[Result "1-0"]
[WhiteElo "2388"]
[BlackElo "2200"]
[PlyCount "0"]
[EventDate "2025.11.01"]
[EventRounds "9"]
[EventCountry "GER"]

1. d4 Nf6 2. c4 e6 3. Nf3 Bb4+ 4. Bd2 Qe7 5. Nc3 b6 6. g3 Bxc3 7. Bxc3 Ne4 8. Qc2
Nxc3 9. Qxc3 Bb7 10. Bg2 O-O 11. O-O d6 12. Rfe1 Be4 13. Qe3 Bb7 14. Qd3 f5 15. Nh4
Bxg2 16. Nxg2 Nd7 17. e4 Qf7 18. exf5 exf5 19. Re2 Rfe8 20. Rae1 Rxe2 21. Rxe2 g6
22. Nf4 Re8 23. h4 Nf6 24. d5 Rxe2 25. Qxe2 Ne4 26. Ne6 c5 27. Qe3 Qf6 28. Qa3 Qe7
29. Qa4 Nf6 30. Qc6 Ne8 31. Qc8 Kf7 32. Kf1 h6 33. b3 Kf6 34. Ke2 g5 35. Kd2 gxh4
36. gxh4 Kg6 37. h5+ Kf7 38. Nd8+ Kf6 39. Ne6 Kf7 40. Nd8+ Kf6 41. Nc6 Qe4 42. Qd8+
Kf7 43. Qd7+ Kf8 44. f3 Qf4+ 45. Kc2 Qh2+ 46. Kb1 Qg1+ 47. Kb2 Qg7+ 48. Qxg7+ Nxg7
49. Nxa7 Nxh5 50. Kc2 Ng3 51. Kd2 f4 52. Nc8 h5 53. Ke1 Nf5 54. Kf2 Ke8 55. Nxb6
Kd8 56. Na4 Kc7 57. Nc3 Kb6 58. Ne2 Ka5 59. Nxf4 Kb4 60. Nxh5 Ka3 61. Ng3 Ng7 62.
Ne4 Ne8 63. Ke3 Kxa2 64. Kd3 Kxb3 65. f4 Ng7 66. Nxd6 Nh5 67. f5 Nf6 68. Ne4 Nd7
69. Nd2+ Kb4 70. d6 Nf6 71. Nf3 Ka5 72. Ne5 Kb6 73. Ke3 Kb7 74. Kf4 Kc8 75. Nd3 Ne8
76. Ke5  1-0

[Event "28. Offene Internationale Bayerische Schachmeisterschaft"]
[Site "Gmund am Tegernsee"]
[Date "2025.11.06"]
[Round "6"]
[Board "25"]
[White "Sajka, Mariusz"]
[Black "Dahl, Christoph"]
[Result "1/2-1/2"]
[WhiteElo "2209"]
[BlackElo "2387"]
[PlyCount "0"]
[EventDate "2025.11.01"]
[EventRounds "9"]
[EventCountry "GER"]

1. e4 c5 2. Nf3 d6 3. d4 cxd4 4. Nxd4 Nf6 5. Nc3 a6 6. Be3 e5 7. Nf3 Be7 8. Bc4 O-O
9. O-O Be6 10. Bb3 Nc6 11. Bg5 Rc8 12. Bxf6 Bxf6 13. Nd5 g6 14. Nxf6+ Qxf6 15. Qd2
Bg4 16. Ne1 Nd4 17. f3 Be6 18. Bxe6 Qxe6 19. c3 Nc6 20. Nc2 Ne7 21. Ne3 f5 22. Rad1
fxe4 23. Qxd6 Qxd6 24. Rxd6 exf3 25. Rxf3 Rfd8 26. Rff6 Kg7 27. Rfe6 Nc6 28. Kf2
Rxd6 29. Rxd6 Rc7 30. Ke2 Rf7 31. Nd5 h5 32. b4 Kh6 33. h4 Kg7 34. a4 e4 35. Re6
 1/2-1/2

[Event "28. Offene Internationale Bayerische Schachmeisterschaft"]
[Site "Gmund am Tegernsee"]
[Date "2025.11.06"]
[Round "6"]
[Board "26"]
[White "Gallas, Noel"]
[Black "Falkevall, Axel"]
[Result "1/2-1/2"]
[WhiteElo "2184"]
[BlackElo "2380"]
[PlyCount "0"]
[EventDate "2025.11.01"]
[EventRounds "9"]
[EventCountry "GER"]

1. e4 e5 2. Nc3 Nf6 3. g3 Bc5 4. Bg2 O-O 5. Nge2 c6 6. O-O d5 7. exd5 cxd5 8. d4
exd4 9. Nxd4 Bg4 10. Qd2 Nc6 11. Nb3 Bb4 12. a3 Bxc3 13. Qxc3 Ne4 14. Qe3 Re8 15.
Bd2 Ne5 16. Bc3 Nxc3 17. Qxc3 Rc8 18. Qd2 Qf6 19. c3 Bf3 20. Nd4 Nc4 21. Qc1 Bxg2
22. Kxg2 Re4 23. b3 Nd6 24. Qd2 h5 25. f3 Re7 26. Rfe1 Rxe1 27. Rxe1 g6 28. Re3 Re8
29. Rxe8+ Nxe8 30. Ne2 Qe5  1/2-1/2

[Event "28. Offene Internationale Bayerische Schachmeisterschaft"]
[Site "Gmund am Tegernsee"]
[Date "2025.11.06"]
[Round "6"]
[Board "27"]
[White "Jin, Yueheng"]
[Black "Loew, Gerald"]
[Result "1-0"]
[WhiteElo "2376"]
[BlackElo "2180"]
[PlyCount "0"]
[EventDate "2025.11.01"]
[EventRounds "9"]
[EventCountry "GER"]

1. Nf3 d5 2. e3 Nf6 3. c4 e6 4. b3 Nbd7 5. Bb2 Bd6 6. Nc3 a6 7. Qc2 O-O 8. Be2 Re8
9. O-O b6 10. cxd5 exd5 11. Rfe1 c5 12. d4 Bb7 13. Bf1 Rc8 14. Rac1 Ne4 15. dxc5
Bxc5 16. Qd3 Ndf6 17. h3 b5 18. a3 b4 19. axb4 Bxb4 20. Re2 Qa5 21. Na4 Rxc1 22.
Bxc1 Bc6 23. Ra2 Bb5 24. Qc2 Bxf1 25. Kxf1 Qb5+ 26. Kg1 Qb7 27. Qd3 Qb5 28. Qd1 Bc3
29. Qc2 d4 30. exd4 Nd5 31. Qd1 f5 32. Nc5 Bb4 33. Rc2 Nec3 34. Qd3 Bxc5 35. Qxb5
axb5 36. dxc5 b4 37. Nd4 f4 38. Bd2 Ne2+ 39. Nxe2 Rxe2 40. c6 Nc7 41. f3 g5 42. Kf1
Re5 43. Bxb4 Rb5 44. Bd6 Ne8 45. Be7 Nc7 46. Bd8  1-0

[Event "28. Offene Internationale Bayerische Schachmeisterschaft"]
[Site "Gmund am Tegernsee"]
[Date "2025.11.06"]
[Round "6"]
[Board "28"]
[White "Cordes, Hans-Joerg"]
[Black "Colpe, Malte"]
[Result "0-1"]
[WhiteElo "2180"]
[BlackElo "2375"]
[PlyCount "0"]
[EventDate "2025.11.01"]
[EventRounds "9"]
[EventCountry "GER"]

1. d4 d5 2. Nf3 Nf6 3. Bf4 e6 4. e3 c5 5. c3 Bd6 6. Bg3 O-O 7. Nbd2 b6 8. a4 Bb7
9. Bd3 Nc6 10. Qe2 Re8 11. dxc5 bxc5 12. e4 Nh5 13. Bxd6 Qxd6 14. e5 Qe7 15. g3 f5
16. a5 Rab8 17. O-O Ba8 18. Rfb1 g5 19. b4 g4 20. Nh4 cxb4 21. cxb4 Nxb4 22. Bb5
Rec8 23. Ra4 Nc6 24. h3 Qc5 25. hxg4 Nxg3 26. Qd3 Ne4 27. Nxe4 fxe4 28. Qd2 Qe7  0-1

[Event "28. Offene Internationale Bayerische Schachmeisterschaft"]
[Site "Gmund am Tegernsee"]
[Date "2025.11.06"]
[Round "6"]
[Board "29"]
[White "Lederle, Vitus"]
[Black "Mkrtchian, Lilit"]
[Result "1/2-1/2"]
[WhiteElo "2176"]
[BlackElo "2372"]
[PlyCount "0"]
[EventDate "2025.11.01"]
[EventRounds "9"]
[EventCountry "GER"]

1. e4 c6 2. d4 d5 3. e5 Bf5 4. c4 e6 5. Nc3 Ne7 6. h3 Nd7 7. Nf3 h6 8. b3 a6 9. Bb2
c5 10. cxd5 Nxd5 11. Nxd5 exd5 12. Bd3 Qa5+ 13. Kf1 Be6 14. g3 c4 15. bxc4 dxc4 16.
Be4 c3 17. Bc1 Bd5 18. Qc2 Nb6 19. Bxd5 Nxd5 20. e6 O-O-O 21. exf7 Bd6 22. Kg2 Rhf8
23. Qf5+ Rd7 24. Ne5 Bxe5 25. dxe5 Rfxf7 26. Qe4 Rfe7 27. Re1 Nb4 28. e6 Rd6 29.
Bf4 Rexe6 30. Qh7 Qd5+ 31. Kg1 Rxe1+ 32. Rxe1 Nd3 33. Qh8+ Rd8 34. Qxg7 Nxf4 35.
Qxc3+ Kb8 36. gxf4 Rg8+ 37. Kf1 Qg2+ 38. Ke2 Re8+ 39. Kd1 Rd8+ 40. Ke2 Qe4+ 41. Kf1
Qh1+ 42. Ke2  1/2-1/2

[Event "28. Offene Internationale Bayerische Schachmeisterschaft"]
[Site "Gmund am Tegernsee"]
[Date "2025.11.06"]
[Round "6"]
[Board "30"]
[White "Nagel, Bernhard"]
[Black "Meins, Gerlef"]
[Result "0-1"]
[WhiteElo "2174"]
[BlackElo "2370"]
[PlyCount "0"]
[EventDate "2025.11.01"]
[EventRounds "9"]
[EventCountry "GER"]

1. e4 c5 2. Nf3 Nc6 3. Bb5 g6 4. O-O Bg7 5. Bxc6 dxc6 6. d3 Nf6 7. Re1 O-O 8. a4
Ne8 9. a5 Nc7 10. Nbd2 Be6 11. Ng5 Bd7 12. Nb3 h6 13. Nf3 b6 14. axb6 axb6 15. Rxa8
Qxa8 16. Bf4 Qb7 17. Be5 f6 18. Bc3 e5 19. Nh4 Kh7 20. Qf3 Ne6 21. Ra1 Ra8 22. Qd1
Ra7 23. Nd2 Nd4 24. Bxd4 cxd4 25. h3 h5 26. Nf1 c5 27. b3 Be6 28. Ng3 Bf7 29. Nf1
Bh6 30. g4 Rxa1 31. Qxa1 hxg4 32. hxg4 Be6 33. f3 b5 34. Ng2 c4 35. bxc4 bxc4 36.
Qa3 c3 37. Qd6 Qd7 38. Qb8 Bf7 39. Nh2 Kg7 40. f4 exf4 41. Nxf4 Qa4 42. e5 Qxc2 43.
exf6+ Kh7 44. g5 Qd1+ 45. Kf2 Qd2+ 46. Ne2 Qxg5 47. Qc7 Qxf6+ 48. Nf3 Be3+ 49. Kg2
Kg7 50. Ng3 Qf4 51. Qc5 c2 52. Qxc2 Bd5 53. Qe2 Qg4  0-1

[Event "28. Offene Internationale Bayerische Schachmeisterschaft"]
[Site "Gmund am Tegernsee"]
[Date "2025.11.06"]
[Round "6"]
[Board "31"]
[White "Heigermoser, Robert"]
[Black "Morawietz, Dieter"]
[Result "0-1"]
[WhiteElo "2163"]
[BlackElo "2346"]
[PlyCount "0"]
[EventDate "2025.11.01"]
[EventRounds "9"]
[EventCountry "GER"]

1. Nf3 Nf6 2. c4 e6 3. g3 b6 4. Bg2 Bb7 5. O-O Be7 6. Nc3 O-O 7. Re1 d5 8. cxd5 Nxd5
9. e4 Nxc3 10. bxc3 c5 11. d4 cxd4 12. cxd4 Nc6 13. h4 Bf6 14. e5 Be7 15. h5 h6 16.
Re4 Kh8 17. Rg4 Re8 18. Be3 Bf8 19. Nd2 Re7 20. Ne4 Rd7 21. Qf3 Rc8 22. Qf4 Nb4 23.
Nd6 Bxd6 24. Bxb7 Rxb7 25. exd6 f6 26. Qf3 Nd5 27. Re1 Qxd6 28. Rg6 Rc3 29. Qe4 Rcc7
30. Bd2 Re7 31. Qg4 Rb8 32. Bxh6 gxh6 33. Rxh6+ Rh7 34. Rxh7+ Kxh7 35. Rxe6 Qd7 36.
Qg6+ Kh8 37. Qf5 Rf8 38. Qe4 b5 39. g4 Rg8 40. f3 b4 41. Qf5 a5 42. f4 a4 43. g5
b3 44. axb3 a3 45. Qe4 Ra8 46. Rxf6 a2 47. Rh6+ Kg8 48. Rg6+ Kf7 49. Rf6+ Nxf6 50.
Qg6+ Kf8 51. Qxf6+ Kg8 52. Qg6+ Qg7 53. Qe6+ Kh8  0-1

[Event "28. Offene Internationale Bayerische Schachmeisterschaft"]
[Site "Gmund am Tegernsee"]
[Date "2025.11.06"]
[Round "6"]
[Board "32"]
[White "Malinowsky, Levi"]
[Black "Aamuktha, Guntaka"]
[Result "1/2-1/2"]
[WhiteElo "2341"]
[BlackElo "2161"]
[PlyCount "0"]
[EventDate "2025.11.01"]
[EventRounds "9"]
[EventCountry "GER"]

1. e4 c5 2. Nf3 d6 3. d4 cxd4 4. Nxd4 Nf6 5. Nc3 a6 6. h3 e6 7. g4 d5 8. exd5 Nxd5
9. Nde2 Bb4 10. Bg2 O-O 11. O-O Nxc3 12. Nxc3 Qc7 13. Qf3 Bd6 14. Ne4 Bh2+ 15. Kh1
Be5 16. c3 Nd7 17. Rd1 Rb8 18. b3 Nc5 19. Ba3 b6 20. Nxc5 bxc5 21. Qd3 Bb7 22. Qc4
Bxg2+ 23. Kxg2 Qc6+ 24. f3 Rbc8 25. Re1 Bf6 26. Rad1 Qb5 27. Rd6 Qxc4 28. bxc4 Bxc3
29. Rb1 h6 30. Rbb6 a5 31. f4 Bd4 32. Kf3 g5 33. fxg5 hxg5 34. Bc1 Be5 35. Rd3 Rb8
36. Ra6 Rb4 37. Rxa5 Rxc4 38. Bxg5 Kg7 39. Be3 Rh8 40. Kg2 Rc2+ 41. Rd2 Rc3 42. Re2
Bd4 43. Bxd4+ cxd4 44. Rd2 Rcxh3 45. Rxd4 Rh2+ 46. Kg1 Rb2 47. Rf4 Rc8 48. Rf2 Rb4
 1/2-1/2

[Event "28. Offene Internationale Bayerische Schachmeisterschaft"]
[Site "Gmund am Tegernsee"]
[Date "2025.11.06"]
[Round "6"]
[Board "33"]
[White "Thibous, Mathis"]
[Black "Heinrich, John"]
[Result "0-1"]
[WhiteElo "2160"]
[BlackElo "2338"]
[PlyCount "0"]
[EventDate "2025.11.01"]
[EventRounds "9"]
[EventCountry "GER"]

1. e4 c5 2. Nf3 d6 3. d4 cxd4 4. Nxd4 Nf6 5. Nc3 a6 6. Be2 e5 7. Nb3 Be7 8. Be3 Be6
9. f4 exf4 10. Bxf4 Nc6 11. Qd2 O-O 12. O-O-O Ne5 13. Rhg1 h6 14. g4 Nh7 15. Kb1
Rc8 16. Nd4 Bg5 17. Nd5 Bxd5 18. exd5 Ng6 19. Bxg5 Qxg5 20. Nf5 Qxd2 21. Rxd2 Rcd8
22. h4 Rfe8 23. c4 Nf6 24. h5 Nf4 25. Bf3 Nh3 26. Rc1 Ng5 27. Bd1 g6 28. hxg6 fxg6
29. Nd4 Kg7 30. Bb3 Rc8 31. Rf1 Nxg4 32. Rg1 Ne5 33. Rc1 Nef3 34. Nxf3 Nxf3 35. Rf2
Ne5 36. Rc3 Rf8 37. Rxf8 Kxf8 38. a4 a5 39. Rc1 Ke7 40. Rh1 h5 41. Re1 b6 42. Bc2
g5 43. b3 Rf8 44. b4 axb4 45. a5 bxa5 46. c5 h4 47. c6 g4 48. Bd1 Rf4 49. Ba4 Kd8
50. Bb5 Kc7 51. Kc2 g3 52. Ra1 g2 53. Kd2  0-1

[Event "28. Offene Internationale Bayerische Schachmeisterschaft"]
[Site "Gmund am Tegernsee"]
[Date "2025.11.06"]
[Round "6"]
[Board "34"]
[White "Forchert, Martin"]
[Black "Cordts, Ingo"]
[Result "1-0"]
[WhiteElo "2336"]
[BlackElo "2152"]
[PlyCount "0"]
[EventDate "2025.11.01"]
[EventRounds "9"]
[EventCountry "GER"]

1. e4 e5 2. Nf3 Nc6 3. Nc3 Nf6 4. Bb5 Bd6 5. d3 a6 6. Ba4 h6 7. a3 b5 8. Bb3 Bb7
9. O-O O-O 10. h3 Re8 11. Be3 Bf8 12. Qd2 d6 13. Nd5 Nb8 14. Nxf6+ Qxf6 15. Nh2 Nd7
16. Ng4 Qh4 17. f4 h5 18. Nh2 Be7 19. Nf3 Qg3 20. Ng5 exf4 21. Bxf7+ Kh8 22. Bxf4
Bxg5 23. Bxg5 Rf8 24. Be7  1-0

[Event "28. Offene Internationale Bayerische Schachmeisterschaft"]
[Site "Gmund am Tegernsee"]
[Date "2025.11.06"]
[Round "6"]
[Board "35"]
[White "Cervelli, Eduard"]
[Black "Womacka, Mathias"]
[Result "1/2-1/2"]
[WhiteElo "2155"]
[BlackElo "2334"]
[PlyCount "0"]
[EventDate "2025.11.01"]
[EventRounds "9"]
[EventCountry "GER"]

1. e4 c5 2. Nf3 d6 3. d4 cxd4 4. Nxd4 Nf6 5. Nc3 a6 6. Be3 e5 7. Nb3 Be7 8. f3 Be6
9. Qd2 O-O 10. O-O-O Nbd7 11. g4 b5 12. g5 Nh5 13. Nd5 Bxd5 14. exd5 f6 15. gxf6
Bxf6 16. Na5 Nf4 17. Nc6 Qc7 18. c4 bxc4 19. Bxc4 a5 20. a3 Kh8 21. Kb1 Bd8 22. Rc1
Qb7 23. Nxd8 Rfxd8 24. Ba2 Rab8 25. Rc2 Qb5 26. Rhc1 Nf6 27. Bxf4 exf4 28. Qxf4 Nxd5
29. Qc4 Ne3 30. Qxb5 Rxb5 31. Rc8 Rb8 32. Rxd8+ Rxd8 33. Re1 Nf5 34. Re4 g6 35. Kc2
Kg7 36. Kd3 Kf6 37. f4 Rb8 38. b4 axb4 39. axb4 Ra8 40. Re6+ Kg7 41. Re2 Ra3+ 42.
Ke4 Ra4 43. Rb2 Ne7 44. Ke3 Ra3+ 45. Ke4 Ra4 46. Ke3 Ra3+ 47. Ke4  1/2-1/2

[Event "28. Offene Internationale Bayerische Schachmeisterschaft"]
[Site "Gmund am Tegernsee"]
[Date "2025.11.06"]
[Round "6"]
[Board "36"]
[White "Vingris, Mikelis"]
[Black "Delitzsch, Juergen"]
[Result "1-0"]
[WhiteElo "2329"]
[BlackElo "2144"]
[PlyCount "0"]
[EventDate "2025.11.01"]
[EventRounds "9"]
[EventCountry "GER"]

1. e4 c5 2. Nf3 Nc6 3. d4 cxd4 4. Nxd4 g6 5. Nc3 Bg7 6. Be3 Nf6 7. Nxc6 bxc6 8. e5
Ng8 9. Bd4 Qa5 10. f4 f6 11. Qe2 fxe5 12. Bxe5 Nf6 13. O-O-O O-O 14. Bd4 Rf7 15.
Qc4 Rb8 16. a3 Qc7 17. g3 Qb7 18. Qb4 Qxb4 19. axb4 Rxb4 20. Bc5 Rb8 21. Bxa7 Ra8
22. Bd4 Ng4 23. Bxg7 Kxg7 24. Re1 Ra1+ 25. Kd2 Rxe1 26. Kxe1 c5 27. Bd3 d6 28. h3
Nf6 29. g4 e6 30. Kd2 Ne8 31. Ne2 d5 32. c3 Rb7 33. Rb1 Ra7 34. Ke3 c4 35. Bc2 Bd7
36. Nd4 Nd6 37. h4 h6 38. Nf3 Ra2 39. Bxg6 Kxg6 40. Ne5+ Kg7 41. Nxd7 Ne4 42. Ne5
Nc5 43. g5 h5 44. f5 exf5 45. Rf1 Rxb2 46. Rxf5 Ne4 47. Rf7+ Kg8 48. Rd7 Nxc3 49.
Nc6 Re2+ 50. Kf4 Rf2+ 51. Ke5 Ne4 52. g6 Rg2 53. Rxd5 Rg4 54. Rd8+ Kg7 55. Nd4 Nf6
56. Kf5 Rxg6 57. Ne6+ Kf7 58. Rf8+ Ke7 59. Kxg6 Kf7+ 60. Re8+  1-0

[Event "28. Offene Internationale Bayerische Schachmeisterschaft"]
[Site "Gmund am Tegernsee"]
[Date "2025.11.06"]
[Round "6"]
[Board "37"]
[White "Tscharotschkin, Michael"]
[Black "Kueppers, Timo"]
[Result "1/2-1/2"]
[WhiteElo "2153"]
[BlackElo "2327"]
[PlyCount "0"]
[EventDate "2025.11.01"]
[EventRounds "9"]
[EventCountry "GER"]

1. d4 Nf6 2. Bf4 g6 3. e3 Bg7 4. h3 O-O 5. Nf3 d6 6. c4 b6 7. Nc3 Bb7 8. Be2 Ne4
9. Nxe4 Bxe4 10. O-O Nd7 11. Qd2 e5 12. Bh2 Qe7 13. Rad1 Rad8 14. Qc1 f5 15. dxe5
dxe5 16. Rd2 Nc5 17. Rfd1 Bxf3 18. Bxf3 e4 19. Be2 Na4 20. g4 Rxd2 21. Rxd2 fxg4
22. Bxg4 Nc5 23. Be2 Qg5+ 24. Bg3 Be5 25. h4 Qf5 26. Rd5 Re8 27. Qd1 Qf6 28. Bxe5
Rxe5 29. b4 Nd3 30. Bxd3 Rxd5 31. cxd5 exd3 32. Qxd3 Qxh4 33. e4 Qf6  1/2-1/2